| 000 | 00905am a2200373a 44500 | ||
|---|---|---|---|
| 003 | AR-BaBNM | ||
| 005 | 20251128203910.0 | ||
| 008 | 256019s1981 #AR|||||||||||000 | spa|| | ||
| 020 | _a92-3-301809-1 | ||
| 040 | _cAR-BaBNM | ||
| 245 | 1 | 0 | _aLa violencia y sus causas |
| 260 |
_aParĂs _bUnesco _c1981 |
||
| 300 |
_a303 p. _btablas |
||
| 490 | 0 | _aActual | |
| 650 | 4 | _aPOLITICA | |
| 650 | 4 | _aVIOLENCIA | |
| 650 | 4 | _aPROBLEMAS SOCIALES | |
| 650 | 4 | _aDELITOS | |
| 650 | 4 | _aBIOLOGIA | |
| 650 | 4 | _aPSICOLOGIA | |
| 650 | 4 | _aSOCIOLOGIA | |
| 650 | 4 | _aMUJERES | |
| 700 | 1 | _aDomenach, Jean-Marie | |
| 700 | 1 | _aLaborit, Henri | |
| 700 | 1 | _aGaltung, Johan | |
| 700 | 1 | _aSenghaas, Dieter | |
| 700 | 1 | _aKlineberg, Otto | |
| 700 | 1 | _aHalloran, James D. | |
| 700 | 1 | _aPoklewski-Koziell, Krysztof | |
| 700 | 1 | _aSpitz, Pierre | |
| 700 | 1 | _aBoulding, Elise | |
| 942 | _cBK | ||
| 998 | _cEnrique | ||
| 999 |
_c5387 _d5387 |
||